彩铅动物基础教程一本通 (Record no. 322237)

000 -LEADER
fixed length control field 00374 a2200145 4500
020 ## - ISBN
ISBN 9787539894904
082 ## - 索书号 Call Number
分类号Classification number 948.2
作者号 Author number 3600.1
100 ## - 作者
作者 成辉 主编:王博文 编著
245 ## - 书名 TITLE
书名Title 彩铅动物基础教程一本通
250 ## - 版本 EDITION STATEMENT
版本叙述 Edition statement 初版;平装
260 ## - 出版项PUBLICATION, DISTRIBUTION, ETC. (IMPRINT)
出版社 Name of publisher 安徽美术出版社
出版日期 Date of publication 2022
出版地 Place of publication 合肥
300 ## - 稽核项 PHYSICAL DESCRIPTION
页数 Number of Pages 148页
尺寸 Dimensions 25.5公分
500 ## - 一般附注 GENERAL NOTE
附注 General note
942 ## - ADDED ENTRY ELEMENTS (KOHA)
Koha item type Books
Holdings
Source of classification or shelving scheme Not for loan Permanent Location Current Location Shelving location Date acquired Source of acquisition Cost, normal purchase price Full call number Barcode Cost, replacement price Koha item type
    LIBRARY CHUNG HWA HIGH SCHOOL MUAR LIBRARY CHUNG HWA HIGH SCHOOL MUAR 9 艺术类(一楼) 2025-07-07 58.00 948.2 3600.1 049673 116.00 Books

Powered by Koha